Catalog

Record Details

Catalog Search



Starcross : a stirring adventure of spies, time ... Read More

Reeve, Philip.(Author).
Wyatt, David.(Added Author).
Series: Larklight ; 2

Available copies

  • 1 of 1 copy available at LARL/NWRL Consortium.
  • 1 of 1 copy available at Lake Agassiz Regional Library. (Show preferred library)

Current holds

0 current holds with 1 total copy.

Show Only Available Copies
Location Call Number / Copy Notes Barcode Shelving Location Status Due Date
Crookston Public Library J REE (Text) 33500009502733 Main Available -

Record details

  • ISBN: 9781599901213
  • ISBN: 1599901218
  • Physical Description: 368 p. : ill. ; 19 cm.
  • Edition: 1st U.S. ed.
  • Publisher: New York : Bloomsbury Children's Books : 2007.

Content descriptions

Summary, etc.:
Young Arthur Mumby, his sister Myrtle, and their ... Read More
Subject: Time travel > Juvenile fiction.
Resorts > Fiction.
Spies > Fiction.
Time travel > Fiction.
Outer space > Fiction.
Brothers and sisters > Fiction.
Science fiction.
LDR 01784cam a22004098a 4500
00187164
003LARL_NWRL_CONSORTIUM
00520181015192430.0
008070412s2007 nyu c 000 1 eng
010 . ‡a2007012002
020 . ‡a9781599901213
020 . ‡a1599901218
035 . ‡a(OCoLC)123818153
040 . ‡aDLC ‡cDLC ‡dBAKER ‡dBTCTA ‡dUPZ ‡dLIQ ‡dIK2 ‡dYDXCP
042 . ‡alcac
08200. ‡a[Fic] ‡222
1001 . ‡aReeve, Philip. ‡0(LARL_NWRL_CONSORTIUM)122543
24510. ‡aStarcross : ‡ba stirring adventure of spies, time travel and curious hats. ‡n#2 / ‡cby Philip Reeve ; illustrations by David Wyatt.
250 . ‡a1st U.S. ed.
260 . ‡aNew York : ‡bBloomsbury Children's Books : ‡bDistributed to the trade by Holtzbrinck Publishers, ‡c2007.
300 . ‡a368 p. : ‡bill. ; ‡c19 cm.
4900 . ‡aLarklight ; ‡v2
520 . ‡aYoung Arthur Mumby, his sister Myrtle, and their mother accept an invitation to take a holiday at an up-and-coming resort in the asteroid belt, where they become involved in a dastardly plot involving spies, time travel, and mind-altering clothing.
650 0. ‡aTime travel ‡vJuvenile fiction. ‡0(LARL_NWRL_CONSORTIUM)167733
650 1. ‡aResorts ‡vFiction. ‡0(LARL_NWRL_CONSORTIUM)174661
650 1. ‡aSpies ‡vFiction. ‡0(LARL_NWRL_CONSORTIUM)176180
650 1. ‡aTime travel ‡vFiction. ‡0(LARL_NWRL_CONSORTIUM)167651
651 1. ‡aOuter space ‡vFiction.
650 1. ‡aBrothers and sisters ‡vFiction. ‡0(LARL_NWRL_CONSORTIUM)163634
650 1. ‡aScience fiction. ‡0(LARL_NWRL_CONSORTIUM)30394
7001 . ‡aWyatt, David. ‡0(LARL_NWRL_CONSORTIUM)122036
901 . ‡a87164 ‡bOCLC ‡c87164 ‡tbiblio

Additional Resources